Dutch train stations - Noord-Holland - Statistics

General Stats
  • This quiz has been taken 325 times
    301 since last reset
  • The average score is 34 of 61
Answer Stats
Company Answer % Correct
NS/Thalys Amsterdam Centraal
97%
NS Haarlem
93%
NS Alkmaar
92%
NS Den Helder
90%
NS Amsterdam Sloterdijk
89%
NS Amsterdam Zuid
84%
NS Amsterdam Amstel
83%
NS Hoorn
83%
NS Zaandam
82%
NS Amsterdam Bijlmer ArenA
77%
NS/Thalys Schiphol Airport
77%
NS Enkhuizen
76%
NS Hilversum
74%
NS Purmerend
73%
NS Castricum
69%
NS Duivendrecht
65%
NS Heerhugowaard
65%
NS Hoofddorp
64%
NS Diemen
63%
NS Schagen
63%
NS Amsterdam Lelylaan
61%
NS Amsterdam Muiderpoort
61%
NS Alkmaar Noord
60%
NS Uitgeest
60%
NS Beverwijk
59%
NS Bloemendaal
56%
NS Zandvoort aan Zee
56%
NS Amsterdam RAI
55%
NS Anna Paulowna
55%
NS Heiloo
54%
NS Amsterdam Science Park
53%
NS Weesp
53%
NS Den Helder Zuid
50%
NS Amsterdam Holendrecht
49%
NS Heemskerk
49%
NS Diemen Zuid
48%
NS Hilversum Media Park
48%
NS Hoorn Kersenboogerd
47%
NS Santpoort Noord
44%
NS Haarlem Spaarnwoude
43%
NS Naarden-Bussum
43%
NS Heemstede-Aerdenhout
42%
NS Wormerveer
42%
NS Purmerend Overwhere
41%
NS Santpoort Zuid
41%
NS Nieuw Vennep
40%
NS Hilversum Sportpark
39%
NS Krommenie-Assendelft
39%
NS Halfweg-Zwanenburg
38%
NS Overveen
38%
NS Koog aan de Zaan
37%
NS Obdam
37%
NS Bovenkarspel Flora
34%
NS Driehuis
34%
NS Bussum Zuid
32%
NS Hoogkarspel
30%
NS Purmerend Weidevenne
29%
NS Zaandam Kogerveld
29%
NS Zaandijk Zaanse Schans
29%
NS Bovenkarspel-Grootebroek
24%
NS(Utr) Hollandsche Rading
23%
No matching quizzes found
Score Distribution
Percent of People with Each Score
Percentile by Number Answered
Your Score History
You have not taken this quiz since the last reset